Dossier prostituzione /

Gorde:
Xehetasun bibliografikoak
Egile nagusia: Dallayrac, Dominique (Egilea)
Formatua: Liburua
Hizkuntza:italiera
Argitaratua: Torino : Dellavalle, 1970
Saila:Dossier ; 2
Gaiak:
Etiketak: Etiketa erantsi
Etiketarik gabe, Izan zaitez lehena erregistro honi etiketa jartzen!

MARC

LEADER 00000nam a22000007i 4500
001 IT\ICCU\SBL\0370075
003 ItRI
005 20260115232244.0
008 910930s1970 it |||||| ||||| |||||c
015 |2 IT  |a 712553 
040 |b ita  |c importazione bologna sebina 
041 7 |a ita  |2 ISO-639-2 
082 |a 301.415  |9 ADULTERIO, PROSTITUZIONE, ETC.  |2 17 
100 1 |a Dallayrac, Dominique  |0 IT\ICCU\PALV\000947  |4 aut 
240 1 0 |a Dossier prostitution.  |3 IT\ICCU\SBL\0370076  |9 Dallayrac, Dominique 
245 1 0 |a Dossier prostituzione /  |c Dominique Dallayrac. 
260 |a Torino :  |b Dellavalle,  |c 1970 
300 |a 333 p. ;  |c 24 cm 
500 |a Traduzione di Giuliana Segre e Grazia Sciolla 
650 7 |a Prostituzione 
830 0 |a Dossier ;  |v 2  |0 IT\ICCU\PAL\0001288 
942 |2 ddc  |c BK  |n 0 
952 |0 0  |1 0  |4 0  |6 DOC_306_740000000000000_DAL  |7 0  |9 23039  |a BO  |b BO  |d 2026-01-15  |i 977  |l 0  |o DOC 306.74 DAL  |p BO977  |r 2026-01-15 23:22:44  |w 2026-01-15  |x [Sebina 7] [1 v.]  |y BK  |z 1 v. 
999 |c 19651  |d 19651